000 00323nam a2200121 i 4500
001 bg
245 0 _aTechnologiczne projektowanie zakładów przemysłu spożywczego /
_cp. red. M. Dłużewskiego.
260 _aWarszawa,
_c1974.
040 _cBPK
041 _apol
942 _cKS
008 s pl f |000 0 pol
999 _c4910
_d4910
856 _uhttp://koha.tu.koszalin.pl/cgi-bin/koha/opac-detail.pl?biblionumber=4910
_yKatalog online BPK